Mort subite : Star academy (2023) Tournée - Statistiques

Statistiques générales
  • Ce quiz a été pris 1 210 fois
  • Le résultat moyen est 7 sur 7
Answers on the Grid
Answers color-coded by a green-red scale on the quiz's grid according to % correct below.
Pierre
Victorien
Lenie
Clara
Julien
Helena
Margot
Louis
Lola
Axel
Djebril
Marie-Maud
Candice
 
Statistiques - réponses
Réponse % Correct
Pierre
99%
Lenie
95%
Helena
94%
Julien
94%
Axel
92%
Candice
91%
Djebril
91%
Aucun quiz correspondant
Distribution des résultats
% des personnes avec chaque résultat
Percentile par nombre de réponses
Votre historique - résultats
Vous n’avez pas pris ce quiz